Logo BPK

Biblioteka

Politechniki Koszalińskiej

Chromonikel'aljuminevaja żarostojkaja stal' / (Rekord nr 26695)

Szczegóły MARC
000 -ETYKIETA REKORDU
podpole kontrolne o stałej długości 00319nam a2200133 i 4500
001 - NUMER KONTROLNY REKORDU
pole kontrolne bg
040 ## - ŹRÓDŁO KATALOGOWANIA
Instytucja, która utworzyła rekord BPK
041 ## - KOD JĘZYKA
Kod języka tekstu pol
008 - POLE O STAŁEJ DŁUGOŚCI - DANE KONTROLNE
podpole kontrolne o stałej długości s pl f |000 0 pol
100 1# - NAZWA OSOBOWA
Nazwa osobowa SVEDOV, L. I.
245 #0 - TYTUŁ/ODPOWIEDZIALNOŚĆ
Tytuł Chromonikel'aljuminevaja żarostojkaja stal' /
Pozostałe elementy strefy tytułu i oznaczenia odpowiedzialności L.I. Svedov.
260 ## - STREFA ADRESU WYDAWNICZEGO
Miejsce wydania Minsk,
Data publikacji, dystrybucji/powstania dokumentu 1974.
942 ## - DODATKOWE ELEMENTY (KOHA)
Typ dokumentu Książka
Egzemplarze
Wycofany Status egzemplarza Uszkodzony Dostępność Lokalizacja stała Lokalizacja bieżąca Miejsce przechowywania Sygnatura Kod kreskowy Typ dokumentu
      Dostępny Biblioteka Politechniki Koszalińskiej Biblioteka Politechniki Koszalińskiej Wypożyczalnia BG 18249 01718065 Książka
© 2023 Biblioteka Politechniki Koszalińskiej :: KOHA